| 000 | 00657nam a2200205Ia 4500 | ||
|---|---|---|---|
| 003 | OSt | ||
| 005 | 20210802144202.0 | ||
| 008 | 210310q1960 ck gr 000 0 spa d | ||
| 040 |
_aCO-JMCR _cCO-JMCR |
||
| 041 | 0 | _aspa | |
| 082 | 0 | 4 |
_a332.45609861 / _bE182p _223 |
| 100 | 1 |
_aEchavarría Olozaga, Hernán, _97079 _eautor |
|
| 245 | 1 | 3 |
_aEl problema del cambio / _cHernán Echavarría Olozaga |
| 260 |
_aBogotá : _bEditorial litografía Colombia, _c1960 |
||
| 300 |
_a99 páginas ; _c21 cm. |
||
| 500 | _aIncluye notas a pie de página. | ||
| 650 | 1 | 4 |
_aCambio exterior _916671 _zColombia |
| 650 | 2 | 4 |
_aPolítica monetaria _zColombia _96926 |
| 942 |
_2ddc _cBK |
||
| 999 |
_c8222 _d8222 |
||